• 首页
  • 本馆介绍
  • 公告通知
  • 最新文献
  • 馆藏检索
  • 电子资源
  • 读者导购
  • 参考咨询
  • 我的图书馆
  • 登录
  • 详细信息显示
  • 放入我的书架
  • 预约/预借图书
  • 作者相关作品
  • 分类相关作品
  • 丛书相关作品
  • 出版社相关作品

书目信息

  • 表格格式
  • 工作单格式
  • 卡片格式
题名:
砒砂岩抗蚀性力学机理研究
    
 
作者: 李晓丽 著
分册:  
出版信息: 北京   中国水利水电出版社  2019.4
页数: 184页
开本: 24cm
丛书名:
单 册:
中图分类: P588.21
科图分类:
主题词: 砂岩--岩石力学--研究
电子资源:
ISBN: 978-7-5170-6820-4
000 01367nam0 2200265 45
001 012001000318
005 20140911113631.0
010    @a978-7-5170-6820-4@dCNY58.00
100    @a20190403d2019 em y0chiy50 ea
101 0  @achi
102    @aCN@b110000
105    @aa z 000yy
106    @ar
200 1  @a砒砂岩抗蚀性力学机理研究@Api sha yan kang shi xing li xue ji li yan jiu@b专著@f李晓丽著
210    @a北京@c中国水利水电出版社@d2019.4
215    @a184页@c图@d24cm
300    @a并列题名:Study on mechanical mechanism of corrosion resistance of arsenic sandstone
312    @a封面英文题名:Study on mechanical mechanism of corrosion resistance of arsenic sandstone
330    @a本书针对内蒙古鄂尔多斯丘陵区准格尔旗砒砂岩侵蚀特点,从砒砂岩机械组成、元素及化学物质构成等物化性质出发,结合准格尔旗降水、温度变化等气象条件,对原状砒砂岩、重塑砒砂岩抗剪强度、无侧限抗压强度、残余强度等基本力学指标、砒砂岩反复冻融前后的表观特征、微观结构和微孔隙的变化规律进行分析研究,初步建立了砒砂岩无侧限抗压强度、砒砂岩剪胀规律模型、基于邓肯-张模型的砒砂岩重塑土本构模型等,并对其可行性和精确性进行验证。
510 1  @aStudy on mechanical mechanism of corrosion resistance of arsenic sandstone@zeng
606 0  @a砂岩@x岩石力学@x研究
690    @aP588.21@v5
701  0 @a李晓丽@Ali xiao li@4著
801  0 @aCN@bBJSDL@c20211011
905    @b1331241-4@dP588.21@e171@f4
    
    砒砂岩抗蚀性力学机理研究/李晓丽著.-北京:中国水利水电出版社,2019.4
    184页:图;24cm
    并列题名:Study on mechanical mechanism of corrosion resistance of arsenic sandstone
    
    ISBN 978-7-5170-6820-4:CNY58.00
    本书针对内蒙古鄂尔多斯丘陵区准格尔旗砒砂岩侵蚀特点,从砒砂岩机械组成、元素及化学物质构成等物化性质出发,结合准格尔旗降水、温度变化等气象条件,对原状砒砂岩、重塑砒砂岩抗剪强度、无侧限抗压强度、残余强度等基本力学指标、砒砂岩反复冻融前后的表观特征、微观结构和微孔隙的变化规律进行分析研究,初步建立了砒砂岩无侧限抗压强度、砒砂岩剪胀规律模型、基于邓肯-张模型的砒砂岩重塑土本构模型等,并对其可行性和精确性进行验证。
●
相关链接 在E读中查询图书 在五车中查询图书 在当当中查询图书 在豆瓣中查询图书


正题名:砒砂岩抗蚀性力学机理研究     索取号:P588.21/171         预约/预借

序号 登录号 条形码 馆藏地/架位号 状态 备注
1 1331241   213312413   第二样本阅览室/ [索取号:P588.21/171] 在馆    
2 1331242   213312422   第三借阅区/ [索取号:P588.21/171] 在馆    
3 1331243   213312431   第三借阅区/ [索取号:P588.21/171] 在馆    
4 1331244   213312440   第三借阅区/ [索取号:P588.21/171] 在馆    
唐山师范学院图书馆 欢迎您!
大连网信软件有限公司© 版权所有